| 000 | 00881nmc a2200289 a 4500 | ||
|---|---|---|---|
| 003 | AR-BaBNM | ||
| 005 | 20251128211324.0 | ||
| 008 | 204020s2000 ||||||||||||||000 | spa|| | ||
| 020 | _a958-04-5899-5 | ||
| 020 | _a958-04-5982-7 | ||
| 040 | _cAR-BaBNM | ||
| 100 | 1 | _aShakespeare, William | |
| 245 | 1 | 0 | _aEnrique VI |
| 250 | _a1ª ed. | ||
| 260 |
_aBarcelona _bGrupo Editorial Norma _c2000 |
||
| 300 | _a2 v. | ||
| 490 | 0 | _aShakespeare por escritores | |
| 500 | _aLa colección "Shakespeare por escritores" presenta traducciones de las obras completas de William Shakespeare hechas por poetas, dramaturgos y narradores de América Latina y España | ||
| 650 | 4 | _aLITERATURA INGLESA | |
| 650 | 4 | _aTEATRO | |
| 650 | 4 | _aRENACIMIENTO | |
| 653 | _aDRAMA HISTORICO | ||
| 655 | _aLITERATURA | ||
| 700 | 1 |
_aApratto, Roberto _etraductor |
|
| 942 | _cBK | ||
| 998 | _cLaura | ||
| 999 |
_c19155 _d19155 |
||